|
|
|
|
| LEADER |
00000cab a2200000 a 4500 |
| 001 |
026791 |
| 003 |
UAHC_CL |
| 005 |
20180816120731.0 |
| 008 |
030131b xx j 000 1 spa |
| 952 |
|
|
|0 0
|1 0
|2 ddc
|4 0
|6 CALID___EDUC__23_05_000000000000000
|7 0
|8 COMP
|9 53693
|a BC
|b BC
|c General
|d 2017-08-03
|l 0
|o CALID. EDUC. -23/05
|r 2018-01-17 00:00:00
|w 2017-08-03
|y REVA
|
| 999 |
|
|
|c 26791
|d 26791
|
| 040 |
|
|
|a UAHC_CL
|c UAHC_CL
|d UAHC_CL
|
| 100 |
1 |
|
|a Mena, Paula
|
| 245 |
1 |
0 |
|a Evolución de la oferta y matrícula de carreras impartidas por universidades e institutos profesionales en Chile entre 1999 y 2004 /
|c Paula Mena, Karina Rojas.
|
| 300 |
|
|
|a p. 223-318
|
| 500 |
|
|
|a En: Calidad de la educación, 2005, no.23, p.223-318. ISSN 0717-4004.
|
| 700 |
1 |
|
|a Rojas, Karina
|
| 773 |
0 |
|
|t Calidad en la educación.
|w 026760
|
| 900 |
|
|
|a CALID. EDUC. -23/05
|
| 942 |
|
|
|c REVA
|2 ddc
|